000 00985nmm a2200277 a 4500
001 ocm0002015799
003 TR-IsHL
005 20201028180822.0
008 181221s2013 tu tur
007 cr cn
020 _a9786054478620
035 _a2015799
_b(N$T)
050 0 4 _aPL248.B898
_bU93 2013
090 0 4 _aPL248.B898
_bU93 2013
100 1 _aBüyüker, Şahin
245 1 0 _aUzaklardan bakınca, hayat ölümü aratmıyordu: ''yaşamın öte geçesinden öyküleştirilmiş anılar''
_h[electronic resource] /
_cŞahin Büyüker ; editör Esra Ertunç
250 _aBirinci Basım
260 _aİstanbul :
_bKanes yayınları,
_c2013
650 4 _aDil ve Edebiyat
650 4 _aLanguage and Literature
650 0 _aTürk romanı
650 0 _aTurksh fiction
650 7 _aLITERARY COLLECTIONS / Middle Eastern
_2bisacsh
700 1 _aErtunç, Esra
856 4 0 _uhttp://search.ebscohost.com/login.aspx?direct=true&scope=site&db=e011xww&AN=2015799
999 _c19317
_d19317